| 000 | 00685nam a2200241Ia 4500 | ||
|---|---|---|---|
| 003 | OSt | ||
| 005 | 20220924125047.0 | ||
| 006 | a|||||r|||| 00| 0 | ||
| 007 | ta | ||
| 008 | 220923b |||||||| |||| 00| 0 per d | ||
| 024 | _a325738 | ||
| 037 | _cTextual | ||
| 040 |
_aARTS _cARTS _bper |
||
| 041 |
_2per _aper |
||
| 082 | _aDelta73xM01,13, 164N6 | ||
| 100 |
_aJami Abdurrehman Au. _9190775 |
||
| 245 | 0 | _aAneesuttalibeen | |
| 260 |
_aPatna _bKhuda Bakhsh oriental public library India _c1996 |
||
| 650 | _a SPIRurdALISM | ||
| 650 |
_aISLAM _9577 |
||
| 942 |
_hDelta73xM01,13, 164N6 _cTEXL _2CC |
||
| 999 |
_c421583 _d421583 |
||